| 000 | 00641nam a22002417a 4500 | ||
|---|---|---|---|
| 008 | 240723b |||||||| |||| 00| 0 eng d | ||
| 017 | _aLD.0301 | ||
| 018 | _a2024 | ||
| 020 | _a9789789787865 | ||
| 040 |
_aNLN _bEnglish _eAACR2 |
||
| 050 |
_aBF575.G7 _bR161 |
||
| 082 | _a155.937 | ||
| 100 |
_aRAJI, Rasheedah _eaut _957305 |
||
| 245 |
_aI remember your smile / _bRasheedah Raji |
||
| 260 |
_a[S.L]: _bRaji Publications, _c2023 |
||
| 300 |
_aVX, 108P.; _b22cm. |
||
| 563 | _a(pbk) | ||
| 650 |
_aGrief _957306 |
||
| 650 |
_aGrief _vFiction _957307 |
||
| 650 |
_aBereavement _vFiction _957308 |
||
| 650 |
_aCancer _93554 |
||
| 942 |
_cBK _n0 |
||
| 999 |
_c30603 _d30603 |
||